Analýza organických kyselín produkovaných Lactobacillus reuteri

Na minha lista:
Detalhes bibliográficos
Autor principal: Nagy, Viliam (Author)
Outros Autores: Greif, Gabriel (Thesis advisor)
Formato: Manuscrito Livro
Idioma:eslovaco
Publicado em: 2016
Assuntos:
Acesso em linha:http://is.stuba.sk/zp/portal_zp.pl?podrobnosti=120776
Tags: Adicionar Tag
Sem tags, seja o primeiro a adicionar uma tag!

MARC

LEADER 00000ntm a22000003a 4500
001 stuzp58038
003 SK-STU
005 20160719155439.5
007 ta
008 150427s2015----xo-----f-mn---000-0-slo-d
040 |a STU  |b slo 
041 0 |a slo 
100 1 |a Nagy, Viliam  |u 040200  |4 aut  |U FCHPT Fakulta chemickej a potravinárskej technológie  |T FCHPT Ústav potravinárstva a výživy  |X 44181  |U C020  |Y 684  |7 44181 
242 0 1 |a Analysis of Organic Acids Produced by Lactobacillus reuteri  |y eng 
245 1 0 |a Analýza organických kyselín produkovaných Lactobacillus reuteri 
260 |c 2016 
650 4 |a Lactobacillus reuteri  |2 slo 
650 4 |a kyselina jantárová  |2 slo 
650 4 |a kyselina mliečna  |2 slo 
650 4 |a glukóza  |2 slo 
650 4 |a Lactobacillus reuteri  |2 eng 
650 4 |a succinic acid  |2 eng 
650 4 |a lactic acid  |2 eng 
650 4 |a glucose  |2 eng 
700 1 |a Greif, Gabriel  |u 040250  |k Z1  |4 ths  |U FCHPT Ústav potravinárstva a výživy  |T FCHPT Oddelenie potravinárskej technológie  |X 3350  |U C0250  |Y 685  |7 A000003350 
856 4 |u http://is.stuba.sk/zp/portal_zp.pl?podrobnosti=120776 
SQL |a stuzp58038  |b DDP  |c SLO  |d Analýza organických kyselín produkovaných Lactobacillus reuteri  |e 44181  |f Nagy, Viliam  |g 040200  |h 3350  |i Greif, Gabriel  |j 20160608  |k 125  |l 04  |m http://is.stuba.sk/zp/portal_zp.pl?podrobnosti=120776  |n I-POHYKO  |o 5.2.24. potravinárstvo